000 01511cam a2200373 i 4500
001 18843906
003 NUST
005 20230413082730.0
008 151104s2017 nyua 001 0 eng
010 _a 2015043176
020 _a9780077862626 (pbk. : alk. paper)
020 _a0077862627 (pbk. : alk. paper)
040 _aDLC
_beng
_cDLC
_erda
_dDLC
042 _apcc
050 0 0 _aQ158.5
_b.T55 2017
082 0 0 _a500.2
_223
_bTIL
100 1 _aTillery, Bill W.
_956146
245 1 0 _aPhysical science.
250 _aEleventh edition /
_bBill W. Tillery, Arizona State University, Stephanie J. Slater, Center for Astronomy & Physics Education Research, Timothy F. Slater, University of Wyoming.
264 1 _aNew York, NY :
_bMcGraw-Hill Education,
_c[2017]
300 _a1 volume (various pagings) :
_bcolor illustrations ;
_c28 cm
336 _atext
_2rdacontent
337 _aunmediated
_2rdamedia
338 _avolume
_2rdacarrier
500 _aIncludes index.
650 0 _aPhysical sciences.
_9101518
700 1 _aSlater, Stephanie J.,
_eauthor.
_9111842
700 1 _aSlater, Timothy F.,
_eauthor.
_9111843
856 4 2 _3Publisher description
_uhttp://www.loc.gov/catdir/enhancements/fy1606/2015043176-d.html
856 4 1 _3Table of contents only
_uhttp://www.loc.gov/catdir/enhancements/fy1606/2015043176-t.html
906 _a7
_bcbc
_corignew
_d1
_eecip
_f20
_gy-gencatlg
942 _2ddc
_cBK
999 _c594482
_d594482